Kích thích Thanh Long ra hoa trái vụ: Quy trình lắp đặt đèn cao áp với hệ thống điều khiển từ xa bằng điện thoại di động

Đã lưu trong:
書目詳細資料
主要作者: Trần, Văn Hòa
格式: 圖書
語言:Undetermined
主題:
在線閱讀:http://lrc.tdmu.edu.vn/opac/search/detail.asp?aID=2&ID=26525
標簽: 添加標簽
沒有標簽, 成為第一個標記此記錄!
Thư viện lưu trữ: Trung tâm Học liệu Trường Đại học Thủ Dầu Một
LEADER 00778nam a2200145Ia 4500
001 TDMU_26525
008 210410s9999 xx 000 0 und d
082 |a 621.381 
100 |a Trần, Văn Hòa 
245 0 |a Kích thích Thanh Long ra hoa trái vụ: Quy trình lắp đặt đèn cao áp với hệ thống điều khiển từ xa bằng điện thoại di động 
245 0 |c Trần Văn Hòa 
300 |a Tr.15-16 
650 |a Thanh Long; Kích thích chong đèn; Lắp đặt đèn cao áp; Điều khiển từ xa; Điện thoại di động; Nông - Lâm - Nghiệp 
856 |u http://lrc.tdmu.edu.vn/opac/search/detail.asp?aID=2&ID=26525 
980 |a Trung tâm Học liệu Trường Đại học Thủ Dầu Một